| 000 | 00577nam a2200157 i 4500 | ||
|---|---|---|---|
| 001 | 42529 | ||
| 003 | ES-MaACL | ||
| 007 | t| | ||
| 008 | 030404s1885 fr ||||1| fre d | ||
| 100 | 1 |
_aBarrois, Charles. _926037 |
|
| 245 | 1 | 3 |
_aLa structure stratigraphique des montagnes du Menez (Côtes-du-Nord) / _cpar Charles Barrois. |
| 260 |
_aLille : _b[s.n., _c1885] ( _fImp. Liégeoix-Six) |
||
| 300 |
_ap. [65]-71. : _bil. ; _c23 cm. |
||
| 500 | _aExtrait des Annales de la Société Géologique du Nord. T.XIII, p. 65, séance du 18 Novembre 1885. | ||
| 852 |
_aES-MaACL _jT-910-F-5 |
||
| 999 |
_c42529 _d42529 |
||